[Event "2.BLO 0607 Sf Schöneck - USV TU Dresden"]
[Site "?"]
[Date "2006.12.10"]
[Round "4.1"]
[White "Uhlmann, Wolfgang"]
[Black "Konopka, Mihal"]
[Result "1/2-1/2"]
[WhiteElo "2422"]
[BlackElo "2426"]
[PlyCount "36"]
[EventDate "2006.??.??"]

1. c4 Nf6 2. Nc3 d5 3. cxd5 Nxd5 4. g3 g6 5. Bg2 Nxc3 6. bxc3 Bg7 7. Rb1 Nc6 8.
h4 h6 9. Qc2 O-O 10. d3 Qd6 11. Nf3 b6 12. Bf4 e5 13. Nxe5 Bxe5 14. Bxe5 Nxe5
15. Bxa8 c6 16. f4 Ng4 17. Qa4 Bd7 18. Bb7 Re8 1/2-1/2

[Event "2.BLO 0607 Sf Schöneck - USV TU Dresden"]
[Site "?"]
[Date "2006.12.10"]
[Round "4.2"]
[White "Petr, Martin"]
[Black "Gauglitz, Gernot"]
[Result "1/2-1/2"]
[WhiteElo "2417"]
[BlackElo "2395"]
[PlyCount "81"]
[EventDate "2006.??.??"]

1. e4 c5 2. Nf3 Nc6 3. Nc3 e5 4. Bc4 d6 5. d3 Be7 6. O-O Nf6 7. Ng5 O-O 8. f4
Bg4 9. Qe1 h6 10. Nf3 Bxf3 11. gxf3 Nd4 12. Qf2 Nh5 13. f5 Bg5 14. Kh1 Kh8 15.
Nd5 b5 16. Bb3 Bxc1 17. Raxc1 g6 18. f4 gxf5 19. exf5 Nxf4 20. Nxf4 Nxb3 21.
Nd5 Nxc1 22. f6 Rg8 23. Qh4 Rg6 24. Ne7 Kh7 25. Qe4 d5 26. Qxe5 Rg5 27. Rf5
Rxf5 28. Qxf5+ Kh8 29. Qf4 Qf8 30. Qxc1 Rd8 31. Qf4 Rd7 32. Qe5 Qa8 33. Kg1 Qd8
34. Qf4 Qf8 35. Qe5 Qd8 36. Kh1 b4 37. Qe3 Kh7 38. Qxc5 Qb6 39. Qc8 Qd8 40. Qc5
Qb6 41. Qc8 1/2-1/2

[Event "2.BLO 0607 Sf Schöneck - USV TU Dresden"]
[Site "?"]
[Date "2006.12.10"]
[Round "4.3"]
[White "Wegener, Dirk"]
[Black "Alber, Horst"]
[Result "1-0"]
[WhiteElo "2352"]
[BlackElo "2400"]
[PlyCount "95"]
[EventDate "2006.??.??"]

1. e4 g6 2. d4 Bg7 3. Be3 d6 4. Bd3 Nc6 5. c3 e5 6. Ne2 Nf6 7. d5 Ne7 8. f3 O-O
9. Qd2 c6 10. c4 b5 11. dxc6 bxc4 12. Bxc4 Nxc6 13. Bg5 h6 14. Bxf6 Qxf6 15.
O-O Rb8 16. Nbc3 Na5 17. Nd5 Qd8 18. Rac1 Be6 19. b3 Kh8 20. Kh1 f5 21. Ba6 Rf7
22. b4 Nb7 23. Nec3 Qf8 24. Qe2 Nd8 25. Bc4 Nc6 26. a3 Nd4 27. Qa2 Rc8 28. exf5
gxf5 29. Nb5 Nxb5 30. Bxb5 Rfc7 31. Rxc7 Rxc7 32. Bc4 Rc8 33. Bb3 Qf7 34. Qd2
Qb7 35. Rd1 a5 36. Qd3 axb4 37. axb4 Bxd5 38. Bxd5 Qxb4 39. Qxf5 Rf8 40. Qg6
Rf6 41. Qe8+ Rf8 42. Qd7 Qf4 43. Be4 h5 44. Qxd6 h4 45. Qc7 Qf6 46. g3 Qg5 47.
Rd6 h3 48. Rg6 1-0

[Event "2.BLO 0607 Sf Schöneck - USV TU Dresden"]
[Site "?"]
[Date "2006.12.10"]
[Round "4.4"]
[White "Telljohann, Sven"]
[Black "Seifert, Volker"]
[Result "1-0"]
[WhiteElo "2419"]
[BlackElo "2330"]
[PlyCount "109"]
[EventDate "2006.??.??"]

1. Nf3 Nf6 2. g3 d5 3. Bg2 c6 4. O-O Bg4 5. d3 Nbd7 6. Nc3 e6 7. h3 Bh5 8. Qe1
Bd6 9. e4 dxe4 10. dxe4 Bxf3 11. Bxf3 e5 12. Nd1 O-O 13. Ne3 Re8 14. a4 Nc5 15.
Nc4 Bc7 16. Qe2 b5 17. axb5 cxb5 18. Ne3 Ne6 19. c3 b4 20. Rd1 Qe7 21. Nd5 Nxd5
22. exd5 e4 23. Qxe4 Ng5 24. Qxe7 Nxf3+ 25. Kg2 Rxe7 26. Kxf3 Bb6 27. c4 Rae8
28. b3 f6 29. Ra2 g5 30. Rd3 h5 31. Be3 g4+ 32. hxg4 hxg4+ 33. Kxg4 Bxe3 34.
Rxe3 Rxe3 35. fxe3 Rxe3 36. Rxa7 Rxb3 37. Rb7 Kf8 38. Kf5 Rxg3 39. Kxf6 Ke8 40.
Rxb4 Kd7 41. Ke5 Rg4 42. Ra4 Kc7 43. d6+ Kc6 44. Ra6+ Kb7 45. d7 Kc7 46. Ra7+
Kd8 47. Kd5 Rg6 48. Kc5 Rg5+ 49. Kc6 Rg6+ 50. Kb5 Rg5+ 51. c5 Rg1 52. c6 Rb1+
53. Kc5 Rc1+ 54. Kd5 Rd1+ 55. Ke4 1-0

[Event "2.BLO 0607 Sf Schöneck - USV TU Dresden"]
[Site "?"]
[Date "2006.12.10"]
[Round "4.5"]
[White "Hoffmann, Paul"]
[Black "Ortmann, David"]
[Result "1-0"]
[WhiteElo "2288"]
[BlackElo "2306"]
[PlyCount "75"]
[EventDate "2006.??.??"]

1. e4 e6 2. d4 d5 3. exd5 exd5 4. Bd3 c5 5. Qe2+ Be7 6. dxc5 Nf6 7. Bg5 O-O 8.
Nc3 Nc6 9. O-O-O Be6 10. f4 h6 11. h4 Bg4 12. Nf3 Nb4 13. Kb1 Rc8 14. a3 Nxd3
15. Qxd3 Rxc5 16. Bxf6 Bxf6 17. Nxd5 Rxd5 18. Qxd5 Qb6 19. Qb3 Qc7 20. Rhe1
Qxf4 21. Rd3 Qg3 22. Qb4 Qxg2 23. Rg1 Bxf3 24. Rxg2 Bxg2 25. h5 Bc6 26. Qc5 a6
27. Qb6 Re8 28. Rd6 Re5 29. Rxc6 bxc6 30. Qxc6 a5 31. Qf3 Rb5 32. b3 Re5 33. c4
Kh7 34. b4 Re1+ 35. Kc2 a4 36. c5 Ra1 37. Qd3+ g6 38. Kd2 $138 1-0

[Event "2.BLO 0607 Sf Schöneck - USV TU Dresden"]
[Site "?"]
[Date "2006.12.10"]
[Round "4.7"]
[White "Goldberg, Alexander Dr"]
[Black "Marchio, Enrico"]
[Result "1-0"]
[WhiteElo "2380"]
[BlackElo "2277"]
[PlyCount "95"]
[EventDate "2006.??.??"]

1. e4 e6 2. d4 d5 3. Nc3 Nf6 4. Bg5 Be7 5. e5 Nfd7 6. h4 c5 7. Bxe7 Kxe7 8. Qg4
Nc6 9. dxc5 Ndxe5 10. Qxg7 Bd7 11. Qg5+ f6 12. Qd2 Qa5 13. f4 Ng4 14. Bb5 Kf7
15. Nf3 a6 16. Bxc6 bxc6 17. O-O-O Qxc5 18. Rde1 Rab8 19. Rhf1 Rhg8 20. Nd4 f5
21. Nf3 Qb4 22. b3 c5 23. Ng5+ Rxg5 24. hxg5 d4 25. Nb1 Ne3 26. Rh1 Qxd2+ 27.
Kxd2 Kg7 28. Rxe3 dxe3+ 29. Kxe3 Bc6 30. Rh2 Rb4 31. Nc3 Rd4 32. g3 a5 33. a4
Bb7 34. Rh6 e5 35. Rf6 exf4+ 36. gxf4 Be4 37. Nxe4 Rxe4+ 38. Kf3 Rb4 39. Rxf5
c4 40. Rxa5 cxb3 41. cxb3 Rxb3+ 42. Kg4 Rb1 43. Kf5 Rc1 44. Ra7+ Kg8 45. a5 Rc6
46. a6 Rb6 47. Kg4 Rb4 48. Rb7 1-0

[Event "2.BLO 0607 Sf Schöneck - USV TU Dresden"]
[Site "?"]
[Date "2006.12.10"]
[Round "4.8"]
[White "Timpel, Klaus"]
[Black "Loxine, Jakow"]
[Result "0-1"]
[WhiteElo "2248"]
[BlackElo "2301"]
[PlyCount "104"]
[EventDate "2006.??.??"]

1. e4 c5 2. Nf3 Nc6 3. d3 g6 4. g3 Bg7 5. Bg2 d6 6. O-O Nf6 7. Re1 O-O 8. a4
Bg4 9. h3 Bxf3 10. Qxf3 Nd7 11. c3 a6 12. Qd1 Qc7 13. Na3 Rab8 14. Nc4 b5 15.
axb5 axb5 16. Ne3 b4 17. Bd2 e6 18. f4 Na5 19. Qa4 Nb3 20. Nc4 Nxa1 21. Qxa1
Nb6 22. Qa5 Rfc8 23. cxb4 Nxc4 24. Qxc7 Rxc7 25. dxc4 cxb4 26. b3 Bd4+ 27. Be3
Bc5 28. Kf1 Kf8 29. Bf3 Bxe3 30. Rxe3 Rc5 31. Rd3 Ke7 32. Ke2 Ra8 33. Ke3 Ra2
34. Be2 Rb2 35. g4 Ra5 36. g5 Raa2 37. Bg4 Rh2 38. e5 dxe5 39. fxe5 Rac2 40.
Kd4 Rhd2 41. Rxd2 Rxd2+ 42. Kc5 Rd3 43. Kxb4 Re3 44. c5 Kd7 45. Kc4 Kc6 46. b4
Re4+ 47. Kc3 Kb5 48. c6 Rc4+ 49. Kb3 Rxc6 50. Be2+ Kb6 51. Bc4 Rc7 52. Kc3 Rd7
0-1

[Event "2.BLO 0607 Leipzig Gohlis - Lok Leipzig"]
[Site "?"]
[Date "2006.12.10"]
[Round "4.1"]
[White "Wernert, Wilfrid"]
[Black "Roos, Michael"]
[Result "0-1"]
[WhiteElo "2353"]
[BlackElo "2349"]
[PlyCount "54"]
[EventDate "2006.??.??"]

1. e4 c5 2. c3 d5 3. exd5 Qxd5 4. d4 Nc6 5. Nf3 Bg4 6. Be2 cxd4 7. cxd4 e6 8.
Nc3 Bb4 9. O-O Qa5 10. a3 Bxc3 11. bxc3 Nge7 12. Qb3 Qc7 13. h3 Bh5 14. Bd2 O-O
15. g4 Bg6 16. c4 Be4 17. Qe3 Bxf3 18. Bxf3 Rad8 19. Bc3 Ng6 20. d5 {(=)} 20...
exd5 21. cxd5 Rfe8 22. Qc5 Qf4 23. Bg2 Nce5 24. Qd4 f6 25. Rfd1 Nf3+ 26. Bxf3
Qxf3 27. Rd3 Nh4 0-1

[Event "2.BLO 0607 Leipzig Gohlis - Lok Leipzig"]
[Site "?"]
[Date "2006.12.10"]
[Round "4.2"]
[White "Voigt, Roland"]
[Black "Spiess, Gunter"]
[Result "1/2-1/2"]
[WhiteElo "2360"]
[BlackElo "2403"]
[PlyCount "43"]
[EventDate "2006.??.??"]

1. c4 e6 2. Nf3 d5 3. e3 Nf6 4. Be2 dxc4 5. Qa4+ Nbd7 6. O-O Be7 7. Qxc4 c5 8.
b3 b6 9. Bb2 Bb7 10. Rd1 Rc8 11. Nc3 a6 12. Rac1 Qc7 13. d4 O-O 14. Qd3 Qb8 15.
Qb1 Rfd8 16. h3 h6 17. Qa1 Qa8 18. Ne1 cxd4 19. Rxd4 Nc5 20. Rcd1 Rxd4 21. Rxd4
Rd8 22. Qd1 1/2-1/2

[Event "2.BLO 0607 Leipzig Gohlis - Lok Leipzig"]
[Site "?"]
[Date "2006.12.10"]
[Round "4.3"]
[White "Boehnisch, Manfred"]
[Black "Schoeneberg, Manfred"]
[Result "1-0"]
[WhiteElo "2378"]
[BlackElo "2301"]
[PlyCount "89"]
[EventDate "2006.??.??"]

1. e4 c5 2. Nf3 g6 3. c3 Bg7 4. d4 cxd4 5. cxd4 d5 6. e5 Nc6 7. h3 f6 8. exf6
exf6 9. Nc3 Nge7 10. Bb5 O-O 11. O-O Be6 12. Re1 Bf7 13. Bf4 a6 14. Bd3 b5 15.
Rc1 Re8 16. Qd2 Qd7 17. Bb1 g5 18. Bh2 Bg6 19. Bxg6 hxg6 20. Qc2 Rac8 21. Qb3
Red8 22. Ne2 Na5 23. Qd3 Nc4 24. b3 Nd6 25. Bxd6 Qxd6 26. a4 bxa4 27. bxa4 Kf7
28. Rb1 Rb8 29. a5 Bf8 30. Rec1 Qe6 31. Ng3 Nf5 32. Rxb8 Rxb8 33. Re1 Qc8 34.
Nxf5 gxf5 35. g4 fxg4 36. Qh7+ Bg7 37. Qh5+ Kf8 38. hxg4 Qc7 39. Re6 Qxa5 40.
Qg6 Qc7 41. Qf5 Qc4 42. Ne5 Qc1+ 43. Kg2 Rb7 44. Rxa6 Qc7 45. Rc6 1-0

[Event "2.BLO 0607 Leipzig Gohlis - Lok Leipzig"]
[Site "?"]
[Date "2006.12.10"]
[Round "4.4"]
[White "Quast, Michael"]
[Black "Stettler, Michael"]
[Result "1/2-1/2"]
[WhiteElo "2285"]
[BlackElo "2276"]
[PlyCount "40"]
[EventDate "2006.??.??"]

1. e4 c6 2. d4 d5 3. Nc3 dxe4 4. Nxe4 Nd7 5. Nf3 Ngf6 6. Ng3 e6 7. Bd3 c5 8.
O-O cxd4 9. Nxd4 Bc5 10. Nb3 Be7 11. Qe2 O-O 12. Rd1 Re8 13. Bg5 Qc7 14. c3 h6
15. Bxf6 Nxf6 16. Nd4 Bd7 17. Nh5 Nxh5 18. Qxh5 Rad8 19. Nf3 Bf6 20. Be4 Ba4
1/2-1/2

[Event "2.BLO 0607 Leipzig Gohlis - Lok Leipzig"]
[Site "?"]
[Date "2006.12.10"]
[Round "4.5"]
[White "Schultz, Andreas"]
[Black "Fischer, Johannes"]
[Result "0-1"]
[WhiteElo "2260"]
[BlackElo "2268"]
[PlyCount "102"]
[EventDate "2006.??.??"]

1. d4 Nf6 2. c4 e6 3. Nc3 d5 4. cxd5 exd5 5. Bg5 Be7 6. e3 Nbd7 7. Bd3 c6 8.
Qc2 Nf8 9. Nge2 Nh5 10. Bxe7 Qxe7 11. O-O-O Nf6 12. Ng3 g6 13. e4 dxe4 14.
Ngxe4 Be6 15. Nxf6+ Qxf6 16. d5 Qg5+ 17. f4 Qxf4+ 18. Kb1 O-O-O 19. dxe6 Nxe6
20. Rhf1 Qc7 21. Qf2 f5 22. Qxa7 Qxh2 23. Na4 Qxg2 24. Nb6+ Kc7 25. Ba6 Nc5 26.
Na8+ Rxa8 27. Qxc5 bxa6 28. Qe5+ Kb6 29. Rf4 a5 30. Qe3+ Ka6 31. Qd3+ Kb6 32.
Qb3+ Ka6 33. Qc4+ Kb6 34. b4 Rhd8 35. bxa5+ Rxa5 36. Rxd8 Rb5+ 37. Kc1 Qg1+ 38.
Rd1 Qe3+ 39. Rd2 Rc5 40. Qxc5+ Kxc5 41. Rff2 f4 42. Rfe2 Qa3+ 43. Kd1 f3 44.
Re6 Kb6 45. Rc2 Qd3+ 46. Kc1 Qd5 47. Rb2+ Kc7 48. Re7+ Kd6 49. Rxh7 Qc5+ 50.
Rc2 Qg1+ 51. Kb2 f2 0-1

[Event "2.BLO 0607 Leipzig Gohlis - Lok Leipzig"]
[Site "?"]
[Date "2006.12.10"]
[Round "4.6"]
[White "Hoffmann, Hendrik"]
[Black "Gempe, Thomas"]
[Result "1/2-1/2"]
[WhiteElo "2329"]
[BlackElo "2272"]
[PlyCount "25"]
[EventDate "2006.??.??"]

1. e4 c5 2. Nf3 Nc6 3. c3 d5 4. exd5 Qxd5 5. d4 e6 6. Be3 Nf6 7. Na3 cxd4 8.
Nb5 Qd8 9. Bxd4 Be7 10. Bxf6 Bxf6 11. Qxd8+ Bxd8 12. O-O-O O-O 13. Nd6 {(=)}
1/2-1/2

[Event "2.BLO 0607 Leipzig Gohlis - Lok Leipzig"]
[Site "?"]
[Date "2006.12.10"]
[Round "4.7"]
[White "Mueller, Frank"]
[Black "Schunk, Thomas"]
[Result "1/2-1/2"]
[WhiteElo "2242"]
[BlackElo "2354"]
[PlyCount "50"]
[EventDate "2006.??.??"]

1. Nf3 g6 2. d4 Bg7 3. c4 Nf6 4. Nc3 O-O 5. e4 d6 6. h3 c6 7. Bg5 Qc7 8. Be2 e5
9. d5 Nbd7 10. g4 Nc5 11. Nd2 a5 12. h4 Qb6 13. Be3 Qc7 14. g5 Nfd7 15. Nb3 a4
16. Nxc5 Nxc5 17. Qd2 Bd7 18. Rg1 Rfd8 19. Bg4 Qa5 20. Bxd7 Rxd7 21. O-O-O Qb4
22. Bxc5 Qxc5 23. Qe2 Bf8 24. Rg3 Rc7 25. Kb1 Be7 1/2-1/2

[Event "2.BLO 0607 Leipzig Gohlis - Lok Leipzig"]
[Site "?"]
[Date "2006.12.10"]
[Round "4.8"]
[White "Liedtke, Matthias"]
[Black "Roemling, Sven"]
[Result "1/2-1/2"]
[WhiteElo "2352"]
[BlackElo "2195"]
[PlyCount "90"]
[EventDate "2006.??.??"]

1. e4 c6 2. d4 d5 3. exd5 cxd5 4. c4 Nf6 5. Nc3 g6 6. cxd5 Bg7 7. Qb3 O-O 8.
Be2 Nbd7 9. Bf3 Nb6 10. Nge2 Bf5 11. O-O Bd3 12. d6 exd6 13. Bxb7 Rb8 14. Bf3
Re8 15. Qd1 Ba6 16. Re1 Bb7 17. Bxb7 Rxb7 18. Qd3 Nfd5 19. a3 Qh4 20. Bd2 Rbe7
21. g3 Qg4 22. Nxd5 Nxd5 23. Nc3 Rxe1+ 24. Rxe1 Rxe1+ 25. Bxe1 Ne7 26. Qe2 Qd7
27. Qb5 Qc8 28. d5 Nf5 29. Bd2 h5 30. h4 Bd4 31. Ne2 Bb6 32. Bc3 Kh7 33. Qb4
Qe8 34. Qc4 Ne3 35. Qd3 Ng4 36. Nd4 Ne5 37. Qe4 Qa4 38. Kg2 Qc4 39. f3 f5 40.
Qf4 Qxd5 41. Nxf5 gxf5 42. Qxf5+ Kg8 43. Qxh5 Qd3 44. Qe8+ Kh7 45. Qe7+ Kg8
1/2-1/2

[Event "2.BLO 0607 SC Forchheim - Erfurter SK"]
[Site "?"]
[Date "2006.12.10"]
[Round "4.1"]
[White "Votava, Jan"]
[Black "Jansa, Vlastimil"]
[Result "1-0"]
[WhiteElo "2531"]
[BlackElo "2479"]
[PlyCount "105"]
[EventDate "2006.??.??"]

1. d4 Nf6 2. c4 g6 3. f3 e5 4. dxe5 Nh5 5. Nh3 Nc6 6. Bg5 Be7 7. Bxe7 Qxe7 8.
Nc3 Qxe5 9. g4 Ng7 10. f4 Qe7 11. Nd5 Qd8 12. Qd2 O-O 13. Qc3 Ne8 14. O-O-O Ne7
15. Nf2 Nxd5 16. cxd5 d6 17. h4 c6 18. h5 cxd5 19. Kb1 Nf6 20. Bg2 Qe7 21. h6
Ne8 22. Bxd5 Be6 23. Qf3 Bxd5 24. Rxd5 Rc8 25. Rhd1 Rc6 26. R5d3 f5 27. g5 Nc7
28. Rb3 Ne6 29. Qd5 Rf7 30. Re3 Nxf4 31. Rxe7 Nxd5 32. Re8+ Rf8 33. Rxf8+ Kxf8
34. Rxd5 Ke7 35. b3 Ke6 36. Rd3 f4 37. Rf3 Kf5 38. Nh3 Kg4 39. Nxf4 d5 40. Nxd5
Kxg5 41. Rh3 Re6 42. Nc3 Kg4 43. Rh1 g5 44. Kc2 Kg3 45. Rg1+ Kf4 46. e3+ Kf5
47. e4+ Kg6 48. Rh1 g4 49. Kd3 Kg5 50. Ke3 Rf6 51. e5 Rf3+ 52. Kd4 g3 53. Rg1
1-0

[Event "2.BLO 0607 SC Forchheim - Erfurter SK"]
[Site "?"]
[Date "2006.12.10"]
[Round "4.2"]
[White "Heidrich, Manfred"]
[Black "Haba, Petr"]
[Result "1/2-1/2"]
[WhiteElo "2405"]
[BlackElo "2526"]
[PlyCount "87"]
[EventDate "2006.??.??"]

1. f4 d5 2. Nf3 g6 3. g3 Bg7 4. Bg2 Nf6 5. O-O O-O 6. d3 c5 7. Qe1 Nc6 8. e4
dxe4 9. dxe4 e5 10. Nc3 Nd4 11. Rf2 Ng4 12. Rd2 exf4 13. gxf4 Qa5 14. h3 Nxf3+
15. Bxf3 Bxc3 16. hxg4 Bxd2 17. Bxd2 Qc7 18. f5 f6 19. Bc3 Qf4 20. Kg2 Bd7 21.
Bd2 Qe5 22. Bc3 Qf4 23. Bd2 Qd6 24. Rd1 Bc6 25. fxg6 hxg6 26. Bh6 Qe5 27. Bxf8
Rxf8 28. c3 Re8 29. Qg3 Qg5 30. Re1 Re5 31. Rd1 Re8 32. Kf2 Qe5 33. Qxe5 Rxe5
34. Ke3 Re8 35. Kf4 g5+ 36. Ke3 Kf7 37. Rh1 Kg7 38. Rh2 Rd8 39. Rh1 Re8 40. Rh2
Re7 41. Rh1 Rd7 42. Rh2 Rd8 43. Rh1 Re8 44. Rh2 1/2-1/2

[Event "2.BLO 0607 SC Forchheim - Erfurter SK"]
[Site "?"]
[Date "2006.12.10"]
[Round "4.3"]
[White "Kuczynski, Robert"]
[Black "Zwanzger, Johannes"]
[Result "1-0"]
[WhiteElo "2488"]
[BlackElo "2340"]
[PlyCount "87"]
[EventDate "2006.??.??"]

1. e4 c5 2. Nf3 e6 3. Nc3 a6 4. d4 cxd4 5. Nxd4 b5 6. Bd3 Qb6 7. Nb3 Qc7 8. O-O
Bb7 9. f4 Be7 10. Be3 Nf6 11. a3 O-O 12. Kh1 Rc8 13. Qe1 d6 14. Qg3 Nbd7 15.
Qh3 Nf8 16. Rae1 d5 17. e5 Ne4 18. Bd4 g6 19. Bxe4 dxe4 20. Qe3 Nd7 21. Nd2 Nc5
22. Re2 Qc6 23. Rc1 a5 24. Ncxe4 Nxe4 25. Nxe4 b4 26. axb4 axb4 27. Nf6+ Bxf6
28. exf6 Ra5 29. f5 Qe8 30. fxe6 fxe6 31. Qxe6+ Qxe6 32. Rxe6 Rd5 33. Be3 b3
34. c3 Rcd8 35. Bd4 Rg5 36. Re2 Bd5 37. Rce1 h5 38. Kg1 h4 39. Rf2 Rd7 40. h3
Kf7 41. Re7+ Rxe7 42. fxe7+ Ke8 43. Bf6 Re5 44. Rf4 1-0

[Event "2.BLO 0607 SC Forchheim - Erfurter SK"]
[Site "?"]
[Date "2006.12.10"]
[Round "4.4"]
[White "Niedermaier, Hans"]
[Black "Machelett, Heiko"]
[Result "1/2-1/2"]
[WhiteElo "2282"]
[BlackElo "2424"]
[PlyCount "40"]
[EventDate "2006.??.??"]

1. e4 e6 2. d4 d5 3. Nc3 h6 4. exd5 exd5 5. Nf3 Nf6 6. Bd3 Nc6 7. O-O Be7 8. a3
Bg4 9. Be3 Qd7 10. b4 a6 11. Re1 O-O 12. Ne2 Ne4 13. Ne5 Nxe5 14. dxe5 Nc3 15.
Qd2 Nxe2+ 16. Bxe2 Bxe2 17. Rxe2 a5 18. Rae1 axb4 19. axb4 Ra6 20. c3 Qb5 {(=)}
1/2-1/2

[Event "2.BLO 0607 SC Forchheim - Erfurter SK"]
[Site "?"]
[Date "2006.12.10"]
[Round "4.5"]
[White "Enders, Peter"]
[Black "Cohrs, Jan Christopher Dr"]
[Result "1-0"]
[WhiteElo "2434"]
[BlackElo "2217"]
[PlyCount "61"]
[EventDate "2006.??.??"]

1. e4 d6 2. d4 Nf6 3. Nc3 g6 4. Nf3 Bg7 5. Be2 O-O 6. O-O c6 7. Bg5 Nbd7 8. e5
Ne8 9. Re1 f6 10. exf6 exf6 11. Bf4 Nb6 12. Bf1 d5 13. Nd2 Nc7 14. Nb3 Ne6 15.
Bg3 Nc4 16. Nc5 Nxb2 17. Qb1 Nxc5 18. dxc5 Nc4 19. Bxc4 dxc4 20. Qb4 Qd4 21.
Rad1 a5 22. Qa3 Qg4 23. h3 Qh5 24. Qa4 g5 25. Bd6 Re8 26. Qxc4+ Kh8 27. g4 Qg6
28. Na4 Bd7 29. Be7 Rxe7 30. Rxe7 Be8 31. Rxb7 1-0

[Event "2.BLO 0607 SC Forchheim - Erfurter SK"]
[Site "?"]
[Date "2006.12.10"]
[Round "4.6"]
[White "Doeres, Hans-Juergen"]
[Black "Casper, Thomas"]
[Result "1/2-1/2"]
[WhiteElo "2241"]
[BlackElo "2416"]
[PlyCount "98"]
[EventDate "2006.??.??"]

1. c4 Nf6 2. g3 d6 3. Bg2 e5 4. Nc3 Be7 5. e4 O-O 6. Nge2 c6 7. O-O a6 8. d4
Nbd7 9. h3 b5 10. d5 cxd5 11. cxd5 Nb6 12. g4 Nfd7 13. Ng3 g6 14. Bh6 Re8 15.
Qd2 Bf8 16. b3 Bxh6 17. Qxh6 Qf6 18. Nce2 b4 19. Rac1 Qg7 20. Qe3 Nc5 21. Rxc5
dxc5 22. Qxc5 Nd7 23. Qxb4 Qf8 24. Qa5 Qc5 25. Qxc5 Nxc5 26. Rc1 Nd7 27. Rc7
Rd8 28. Nc1 a5 29. Bf1 Ba6 30. Nd3 Rac8 31. Ra7 Ra8 32. Rxa8 Rxa8 33. Nb2 Bxf1
34. Nxf1 Rc8 35. Nc4 a4 36. Nfd2 axb3 37. axb3 f6 38. Kf1 Rb8 39. Ke2 Nc5 40.
g5 Kg7 41. Ke3 Nxb3 42. gxf6+ Kxf6 43. Nf3 Re8 44. h4 Nc5 45. Nh2 h5 46. Nf3
Nd7 47. Ng5 Rc8 48. Na5 Rc3+ 49. Kd2 Ra3 {(=)} 1/2-1/2

[Event "2.BLO 0607 SC Forchheim - Erfurter SK"]
[Site "?"]
[Date "2006.12.10"]
[Round "4.7"]
[White "Mueller, Matthias"]
[Black "Cifka, Stanislav"]
[Result "1/2-1/2"]
[WhiteElo "2401"]
[BlackElo "2341"]
[PlyCount "40"]
[EventDate "2006.??.??"]

1. e4 e6 2. d4 d5 3. Nc3 Bb4 4. e5 Ne7 5. a3 Bxc3+ 6. bxc3 c5 7. Nf3 b6 8. a4
h6 9. Bb5+ Bd7 10. Bd3 Nec6 11. Ba3 Qc8 12. O-O O-O 13. Re1 Na5 14. dxc5 bxc5
15. Nh4 Nc4 16. Bc1 Nc6 17. Qh5 N4xe5 18. Bxh6 gxh6 19. Qxh6 f5 20. f4 Ng4
1/2-1/2

[Event "2.BLO 0607 SC Forchheim - Erfurter SK"]
[Site "?"]
[Date "2006.12.10"]
[Round "4.8"]
[White "Schaeffner, Claus"]
[Black "Troyke, Christian"]
[Result "1/2-1/2"]
[WhiteElo "2160"]
[BlackElo "2390"]
[PlyCount "85"]
[EventDate "2006.??.??"]

1. d4 g6 2. c4 Nf6 3. Nc3 Bg7 4. e4 d6 5. Nf3 O-O 6. Be2 c5 7. d5 e6 8. O-O Re8
9. Nd2 Na6 10. f4 Nc7 11. a4 b6 12. Bf3 exd5 13. cxd5 Ba6 14. Re1 Rb8 15. Nf1
Nd7 16. Be3 Bxf1 17. Rxf1 b5 18. axb5 Nxb5 19. Nxb5 Rxb5 20. Rxa7 Rxb2 21. Qc1
Rb3 22. Bf2 Nb6 23. e5 dxe5 24. Qxc5 e4 25. Bd1 Rb1 26. d6 Bf8 27. Qc2 Rb4 28.
Qa2 Re6 29. Bb3 Qxd6 30. Bxe6 fxe6 31. Ra6 Bg7 32. Rxb6 Rxb6 33. Bxb6 Qxb6+ 34.
Kh1 e3 35. Qe2 Bc3 36. Qd3 Bd2 37. h3 Qc7 38. Qe2 Qd6 39. Rf3 Qd4 40. Kh2 Kg7
41. g3 Qe4 42. Kg1 Qb1+ 43. Kg2 1/2-1/2

[Event "2.BLO 0607 SC Bamberg - SV Würzburg"]
[Site "?"]
[Date "2006.12.10"]
[Round "4.1"]
[White "Vavra, Pavel"]
[Black "Kalod, Radek"]
[Result "0-1"]
[WhiteElo "2295"]
[BlackElo "2484"]
[PlyCount "66"]
[EventDate "2006.??.??"]

1. e4 c5 2. Nf3 d6 3. d4 cxd4 4. Nxd4 Nf6 5. Nc3 a6 6. Bc4 e6 7. Bb3 b5 8. Bg5
Bb7 9. Qf3 Nbd7 10. O-O-O b4 11. Na4 Qa5 12. Bh4 Be7 13. Qh3 g5 14. Bg3 g4 15.
Qh6 Nxe4 16. Kb1 Qg5 17. Qxg5 Nxg5 18. Rhg1 Rc8 19. c3 bxc3 20. Nxc3 Nc5 21.
Bc2 Nge4 22. Nde2 h5 23. b4 Nxg3 24. hxg3 Nd7 25. a3 Ne5 26. Ne4 Rxc2 27. Nxd6+
Bxd6 28. Kxc2 Ke7 29. Nf4 h4 30. gxh4 Rxh4 31. Kb3 g3 32. fxg3 Rg4 33. Nh5 Rg5
0-1

[Event "2.BLO 0607 SC Bamberg - SV Würzburg"]
[Site "?"]
[Date "2006.12.10"]
[Round "4.2"]
[White "Jirka, Jiri"]
[Black "Siepelt, Heiner"]
[Result "1-0"]
[WhiteElo "2345"]
[BlackElo "2334"]
[PlyCount "85"]
[EventDate "2006.??.??"]

1. d4 Nf6 2. c4 g6 3. g3 Bg7 4. Bg2 O-O 5. Nc3 d6 6. Nf3 Nbd7 7. O-O e5 8. e4
a6 9. Qc2 exd4 10. Nxd4 Re8 11. Rd1 Rb8 12. h3 Ne5 13. b3 c5 14. Nde2 Qe7 15.
a4 h6 16. Be3 Kh7 17. Qd2 Nc6 18. Bf4 Nd4 19. Nxd4 cxd4 20. Nd5 Nxd5 21. exd5
Qc7 22. Rac1 g5 23. Qd3+ Kg8 24. Bd2 a5 25. h4 Re5 26. f4 Bf5 27. Qf1 gxf4 28.
Bxf4 Rbe8 29. Bxe5 Rxe5 30. c5 dxc5 31. Rxd4 Qb6 32. Rf4 Bg6 33. Qb5 Qxb5 34.
axb5 Re3 35. Rxc5 Rxg3 36. d6 Rd3 37. Rd5 Rxd5 38. Bxd5 Kf8 39. Bxb7 Be5 40.
Ra4 Bxd6 41. Rxa5 Bc5+ 42. Kg2 Ke7 43. Bf3 1-0

[Event "2.BLO 0607 SC Bamberg - SV Würzburg"]
[Site "?"]
[Date "2006.12.10"]
[Round "4.3"]
[White "Seuffert, Gabriel"]
[Black "Meister, Peter"]
[Result "0-1"]
[WhiteElo "2352"]
[BlackElo "2370"]
[PlyCount "149"]
[EventDate "2006.??.??"]

1. c4 e5 2. g3 g6 3. Bg2 Bg7 4. Nc3 d6 5. e4 Be6 6. d3 Qd7 7. Be3 c6 8. Nge2 h5
9. h4 Nf6 10. b3 d5 11. exd5 cxd5 12. Bg5 d4 13. Bxf6 Bxf6 14. Nd5 Bg7 15. b4
Nc6 16. Qd2 b5 17. a4 bxc4 18. dxc4 Rc8 19. Rc1 O-O 20. O-O Bxd5 21. Bxd5 Ne7
22. Bg2 Qxa4 23. Ra1 Qd7 24. c5 Rc7 25. Rfd1 Rb8 26. Ra6 Qb5 27. Rda1 Qxb4 28.
Qxb4 Rxb4 29. Rxa7 Rxa7 30. Rxa7 Bf8 31. Rd7 Rc4 32. c6 Rc2 33. c7 d3 34. Rxd3
Rxc7 35. Nc3 Kg7 36. Ne4 Nf5 37. Ng5 Be7 38. Ne4 Nd4 39. f4 Rc1+ 40. Kf2 Rc2+
41. Kf1 f5 42. Nf2 Bf6 43. fxe5 Bxe5 44. Bd5 Rc1+ 45. Nd1 Kf6 46. Kf2 Rc2+ 47.
Kf1 Rc1 48. Kf2 Bd6 49. Ne3 Bc5 50. Kg2 Re1 51. Nc4 Ne2 52. Kf3 Nc1 53. Rd2 Rg1
54. Bg8 Nb3 55. Rb2 Nd4+ 56. Kf2 Ne6+ 57. Kf3 g5 58. Bxe6 g4+ 59. Ke2 Kxe6 60.
Rb3 Kd5 61. Nd2 Rg2+ 62. Kd1 Bd4 63. Rb5+ Ke6 64. Nf1 Be5 65. Rb3 f4 66. gxf4
Bxf4 67. Rb5 Be5 68. Rb6+ Kf7 69. Rh6 Rf2 70. Rxh5 g3 71. Nxg3 Bxg3 72. Rh6 Kg7
73. Rh5 Kf6 74. Rh8 Rh2 75. h5 0-1

[Event "2.BLO 0607 SC Bamberg - SV Würzburg"]
[Site "?"]
[Date "2006.12.10"]
[Round "4.4"]
[White "Stehno, Pavel"]
[Black "Zentgraf, Alexander"]
[Result "1/2-1/2"]
[WhiteElo "2273"]
[BlackElo "2179"]
[PlyCount "79"]
[EventDate "2006.??.??"]

1. e4 e5 2. Nc3 Nf6 3. Bc4 Nc6 4. f4 Bc5 5. d3 d6 6. f5 Na5 7. a3 Nxc4 8. dxc4
c6 9. Bg5 Qb6 10. Bxf6 Bxg1 11. Bh4 Qxb2 12. Na4 Qd4 13. Qxd4 Bxd4 14. c3 Bc5
15. Nxc5 dxc5 16. O-O-O f6 17. Rd6 Bd7 18. Rhd1 O-O-O 19. g4 h6 20. Bg3 Kc7 21.
h4 Bc8 22. Rxd8 Rxd8 23. Rxd8 Kxd8 24. g5 hxg5 25. hxg5 b6 26. Kc2 Ke7 27. g6
Ba6 28. Kb3 Bc8 29. Bf2 Bb7 30. Bg1 Bc8 31. Be3 Bb7 32. Bc1 Bc8 33. Ka4 Ba6 34.
Kb3 Bc8 35. Bb2 Bb7 36. Bc1 Bc8 37. Kc2 Ba6 38. Kd3 Bc8 39. Bd2 Bb7 40. Be3
1/2-1/2